000 00492nam a2200181Ia 4500
008 090123s9999 xx 000 0 und d
082 _b39213
100 _aचौगुले सहदेव
245 _aपाथेय
250 _a1
260 _bअजब प्रकाशन
_c2006
300 _a112
600 _aचौगुले सहदेव
630 _aपाथेय
700 _aचौगुले सहदेव
730 _aपाथेय
942 _cBOOK
999 _c77275
_d77275